000 00285nam a22001337a 4500
008 170621b xxu||||| |||| 00| 0 eng d
020 _a9780714643908
041 _aeng
080 _a94
100 _a16
101 _aSHH
245 _aROUTES TO SLAVERTY
_cELTIS,D
942 _2udc
_cBK
999 _c18417
_d18417